Detalles MARC
| 000 -CABECERA |
| Campo de control |
01836pam a2200253 a 4500 |
| 005 - FECHA Y HORA DE LA ULTIMA TRANSACCION |
| Campo de control |
20180803165155.0 |
| 008 - ELEMENTOS DE LONGITUD FIJA—INFORMACION GENERAL |
| Campo de control |
961122s1997 enka b 001 0 eng |
| 020 ## - ISBN |
| ISBN |
0521590892 |
| 040 ## - FUENTE DE CATALOGACIÓN |
| Agencia catalogadora original |
DLC |
| Agencia transcriptora |
DLC |
| Agencia Modificadora |
NhCcYBP |
| -- |
OrLoB-B |
| -- |
OCoLC |
| -- |
CO-BoIAVH |
| 041 0# - IDIOMA |
| Código de idioma para texto/pista de sonido o título separado |
Inglés |
| 044 ## - PAÍS DE PUBLICACIÓN |
| País de publicación |
Inglaterra |
| 082 00 - NUMERO DE CLASIFICACION DECIMAL DEWEY |
| Número de clasificación |
333.7 |
| Número del ítem |
N53d |
| 245 00 - MENCION DE TITULO |
| Título |
New directions in the economic theory of the environment / |
| Mención de responsabilidad |
editado por Carlo Carraro and Domenico Siniscalco. |
| 260 ## - PUBLICACION, DISTRIBUCION, ETC. (PIE DE IMPRENTA) |
| Lugar de publicación, distribución, etc. |
Cambridge (Inglaterra) ; |
| -- |
New York (EE.UU.) : |
| Nombre del editor, distribuidor, etc. |
Cambridge University Press, |
| Fecha de publicación, distribución, etc. |
1997. |
| 300 ## - DESCRIPCION FISICA |
| Extensión |
ix, 364 páginas : |
| Otros detalles físicos |
ilustraciones y gráficas ; |
| Dimensiones |
24 x 16 cm. |
| 504 ## - NOTA DE BIBLIOGRAFIA, ETC. |
| Nota de bibliografía |
Incluye referencias bibliográficas. |
| 505 00 - NOTA DE CONTENIDO |
| Miscellaneous information |
1. |
| Title |
Theoretical frontiers of environmental economics / |
| Statement of responsibility |
Carlo Carraro and Domenico Siniscalco -- |
| Miscellaneous information |
2. |
| Title |
Growth with natural and environmental resources / |
| Statement of responsibility |
Andrea Beltratti -- |
| Miscellaneous information |
3. |
| Title |
Environmental policy and technological innovation / |
| Statement of responsibility |
David Ulph -- |
| Miscellaneous information |
4. |
| Title |
Environmental policy, distortionary labour taxation and employment: pollution taxes and the double dividend / |
| Statement of responsibility |
A. Lans Bovenberg -- |
| Miscellaneous information |
5. |
| Title |
International coordination of environmental taxes / |
| Statement of responsibility |
Michael Hoel -- |
| Miscellaneous information |
6. |
| Title |
Environmental policy and international trade / |
| Statement of responsibility |
Alistair Ulph -- |
| Miscellaneous information |
7. |
| Title |
Environmental regulation and international capital allocation / |
| Statement of responsibility |
Michael Rauscher -- |
| Miscellaneous information |
8. |
| Title |
Towards a theory of international environmental cooperation / |
| Statement of responsibility |
Scott Barrett -- |
| Miscellaneous information |
9. |
| Title |
Group formation in games without spillovers / |
| Statement of responsibility |
Hideo Konishi, Michel Le Breton and Shlomo Weber -- |
| Miscellaneous information |
10. |
| Title |
Non-cooperative models of coalition formation in games with spillovers / |
| Statement of responsibility |
Francis Bloch. |
| 650 26 - ASIENTO SECUNDARIO DE MATERIA - TERMINO TEMATICO |
| Término temático o nombre geográfico como elemento de entrada |
Economía medioambiental |
| 9 (RLIN) |
84549 |
| 650 26 - ASIENTO SECUNDARIO DE MATERIA - TERMINO TEMATICO |
| Término temático o nombre geográfico como elemento de entrada |
Evaluación del impacto ambiental. |
| 9 (RLIN) |
84550 |
| 650 26 - ASIENTO SECUNDARIO DE MATERIA - TERMINO TEMATICO |
| Término temático o nombre geográfico como elemento de entrada |
Política ambiental |
| 9 (RLIN) |
92286 |
| 700 1# - ASIENTO SECUNDARIO - NOMBRE PERSONAL |
| Nombre personal |
Carraro, Carlo |
| Término de relación |
editor |
| 9 (RLIN) |
21715 |
| 700 26 - ASIENTO SECUNDARIO - NOMBRE PERSONAL |
| Nombre personal |
Siniscalco, Domenico |
| Término de relación |
editor |
| 9 (RLIN) |
21716 |
| 942 ## - ELEMENTOS ADICIONALES (KOHA) |
| Sistema de clasificación |
Dewey Decimal Classification |
| Tipo de ítem |
Libro |